| 000 | 01388nam a2200373Ia 4500 | ||
|---|---|---|---|
| 001 | ebr10567166 | ||
| 003 | CaPaEBR | ||
| 006 | m u | ||
| 007 | cr cn||||||||| | ||
| 008 | 000721s1999 enk sb 001 0 eng d | ||
| 010 | _z 00698253 | ||
| 020 | _z0761960171 | ||
| 020 | _z076196018X | ||
| 020 | _z9780761960188 | ||
| 020 | _z9781848609518 | ||
| 040 |
_aCaPaEBR _cCaPaEBR |
||
| 035 | _a(OCoLC)45843643 | ||
| 050 | 1 | 4 |
_aP119.3 _b.H65 1999eb |
| 082 | 0 | 4 |
_a420 _221 |
| 100 | 1 | _aHolborow, Marnie. | |
| 245 | 1 | 4 |
_aThe politics of English _h[electronic resource] : _ba Marxist view of language / _cMarnie Holborow. |
| 260 |
_aLondon ; _aThousand Oaks, [Calif.] : _bSAGE, _c1999. |
||
| 300 | _avii, 216 p. | ||
| 504 | _aIncludes bibliographical references and index. | ||
| 533 |
_aElectronic reproduction. _bPalo Alto, Calif. : _cebrary, _d2011. _nAvailable via World Wide Web. _nAccess may be limited to ebrary affiliated libraries. |
||
| 650 | 0 |
_aLanguage and languages _xPolitical aspects. |
|
| 650 | 0 |
_aEnglish language _xPolitical aspects. |
|
| 650 | 0 |
_aLanguage and languages _xPhilosophy. |
|
| 650 | 0 |
_aWomen _xLanguage. |
|
| 650 | 0 | _aPhilosophy, Marxist. | |
| 655 | 7 |
_aElectronic books. _2local |
|
| 710 | 2 | _aebrary, Inc. | |
| 856 | 4 | 0 |
_uhttp://site.ebrary.com/lib/rucke/Doc?id=10567166 _zAn electronic book accessible through the World Wide Web; click to view |
| 999 |
_c93254 _d93254 |
||